01372cam a22003614i 4500003000900000005001700009008004100026020001500067020001800082035002000100040003300120082002100153100002900174245007500203264007700278300003600355336002100391337002500412338002300437505043100460526001000891526001000901526001000911526001000921526000800931526000800939526000800947526000800955526000800963526000800971526000800979650002300987PE-LiUPU20250731172906.0 s rb 001 0 eng d a0802874320 a9780802874320 a(Sirsi) a166539 aPE-LiUPUbspacPE-LiUPUerda04a248.483bW562231 aWilliams Rowan.,eautor.12aBeing disciples :bEssentials of the christian life /cRowan Williams. aGrand Rapids, Michigan :bWilliam B. Eerdmans Publishing Company,c2016. a88 páginas ;c23 centimetros. atext2rdacontent aunmediated2rdamedia avolume2rdacarrier04a"Discipleship," says Rowan Williams in this companion to his best-selling Being Christian, "is a state of being. Discipleship is about how we live; not just the decisions we make, not just the things we believe, but a state of being." Having covered baptism, Bible, Eucharist, and prayer in Being Christian, Williams turns his attention in this book to what is required for us to continue following Jesus and growing in faith. aSEG42 aSEG41 aSEG40 aSEG39 aP94 aP87 aP86 aP85 aP77 aP76 aP3504aVida del cristiano